| 000 | 00731nam a2200205Ii 4500 | ||
|---|---|---|---|
| 003 | JO-AjNU | ||
| 008 | 230605s9999||||xx |||||||||||||| ||und|| | ||
| 017 | _a2014/5/2046 | ||
| 040 |
_aJO-AjNU _bara _erda _cJO-AjNU |
||
| 041 | _aara | ||
| 050 | 1 | 4 | _aPJ7852.I456.S54 2014 |
| 100 | 3 |
_aالنمري، بسمه, _eauthor _961096 |
|
| 245 | 0 | 0 | _aسفر الرؤى |
| 264 | 3 | 1 | _aعمان: وزارة الثقافه، 2014 |
| 300 |
_a158ص _bيحتوي على صور توضيحية / مكتبة الاسرة القراءه للجميع/ عمان: وزارة الثقافة |
||
| 336 |
_atext _btxt _2rdacontent |
||
| 337 |
_aunmediated _bn _2rdamedia |
||
| 338 |
_avolume _bnc _2rdacarrier |
||
| 650 | 4 |
_aقصص ادب عربي _961097 |
|
| 999 |
_aA27595 _c31163 _d31163 |
||